Vyjednávanie o kolektívnych zmluvách

Zákon č. 2/1991 Zb. o kolektívnom vyjednávaní, ako vyplýva zo zmien a doplnení vykonaných zákonom č. 519/1991 Zb. a zákonom NR SR č. 54/1996 Z.z. Procesná a obsahová stránka kolektívneho vyjednávania.

Salvato in:
Dettagli Bibliografici
Autore principale: Vladárová, Marta
Natura: Capitolo di libro
Lingua:slovacco
Soggetti:
Tags: Aggiungi Tag
Nessun Tag, puoi essere il primo ad aggiungerne!!

MARC

LEADER 00000naa a2200000 4500
001 r037895
005 20231003081027.4
041 0 |a slo 
044 |a SK 
245 1 0 |a Vyjednávanie o kolektívnych zmluvách  |c Marta Vladárová 
520 |a Zákon č. 2/1991 Zb. o kolektívnom vyjednávaní, ako vyplýva zo zmien a doplnení vykonaných zákonom č. 519/1991 Zb. a zákonom NR SR č. 54/1996 Z.z. Procesná a obsahová stránka kolektívneho vyjednávania. 
610 2 0 |a vyjednávanie kolektívne 
610 2 0 |a zmluvy kolektívne 
610 2 0 |a zákony 
610 2 0 |a orgány zastupiteľské 
610 2 0 |a odbory 
610 2 0 |a Slovensko 
100 1 |a Vladárová, Marta